| 000 | 00488nam a2200181Ia 4500 | ||
|---|---|---|---|
| 001 | 16003 | ||
| 005 | 20260306170237.0 | ||
| 008 | 260306t2018||||xx |||||||||||||| ||und|| | ||
| 041 | _aESP | ||
| 082 |
_a346.52 _bF42 T. 2 |
||
| 100 |
_aFernández Sessarego, Carlos _eAUT |
||
| 245 | 0 |
_aDerecho médico: _bde las nociones fundamentales y la responsabilidad médica |
|
| 260 | _c2018 | ||
| 300 |
_a735 páginas : _c25 cm. |
||
| 650 | _aGEN | ||
| 654 | _aCDE | ||
| 942 |
_cLIB _dJUS _fJUS _2ddc _n |
||
| 999 |
_c16003 _d16003 |
||